Výberové skúmanie. Horvitz-Thompsonov odhad (HTE)

Horvitz-Thompsonov odhad (HTE). Rozptyl HTE. Vyberanie jednotiek s pravdepodobnosťami úmernými ich veľkosti (IPPS). IPPS - postup vyberania. Intervalové HTE.

Guardado en:
Detalles Bibliográficos
Autor principal: Hrnčiarová, Ľubica
Formato: Capítulo de libro
Lenguaje:eslovaco
Materias:
Etiquetas: Agregar Etiqueta
Sin Etiquetas, Sea el primero en etiquetar este registro!

MARC

LEADER 00000nla$a2200000$$$4500
001 0114365
005 20240613073038.7
041 0 |a slo 
044 |a SK 
245 1 0 |a Výberové skúmanie. Horvitz-Thompsonov odhad (HTE)  |c Ľubica Hrnčiarová 
520 |a Horvitz-Thompsonov odhad (HTE). Rozptyl HTE. Vyberanie jednotiek s pravdepodobnosťami úmernými ich veľkosti (IPPS). IPPS - postup vyberania. Intervalové HTE. 
610 2 0 |a štatistika 
610 2 0 |a odhady 
610 2 0 |a skúmanie štatistické 
610 2 0 |a pravdepodobnosť 
100 1 |a Hrnčiarová, Ľubica